000 00282nam a22001337a 4500
020 _a978-93-5030-075-6
041 _aENG
100 _aSharaf .S
245 _aGreen House Environment
260 _aDelhi
_bOxford Book Company
_c2012
300 _a272
650 _aFS
856 _uFS
999 _c838
_d838